ბათუმის შოთა რუსთაველის სახელმწიფო უნივერსიტეტის ბიბლიოთეკა

Лекций по квазиконфортным отображениям. (ბიბ.ჩანაწერი № 47901)

000 -LEADER
fixed length control field 00623nam a2200205Ia 4500
001 - CONTROL NUMBER
control field 14778
003 - CONTROL NUMBER IDENTIFIER
control field GE_BSU
008 - FIXED-LENGTH DATA ELEMENTS--GENERAL INFORMATION
fixed length control field 181216s||||||||xx |||||||||||||| ||und||
040 ## - CATALOGING SOURCE
Transcribing agency GE_BSU
080 ## - UNIVERSAL DECIMAL CLASSIFICATION NUMBER
Universal Decimal Classification number 517.53/55
100 ## - MAIN ENTRY--PERSONAL NAME
Personal name Альфорс, Ларс.
245 ## - TITLE STATEMENT
Title Лекций по квазиконфортным отображениям.
245 ## - TITLE STATEMENT
Statement of responsibility, etc. Под. ред. В. А. Зорича и Б.В. Шавата.
260 ## - PUBLICATION, DISTRIBUTION, ETC.
Place of publication, distribution, etc. Москва
260 ## - PUBLICATION, DISTRIBUTION, ETC.
Name of publisher, distributor, etc. Мир.
260 ## - PUBLICATION, DISTRIBUTION, ETC.
Date of publication, distribution, etc. 1969
300 ## - PHYSICAL DESCRIPTION
Extent 132стр.20см.
653 ## - INDEX TERM--UNCONTROLLED
Uncontrolled term Лекций по квазиконфортным отображениям.
942 ## - ADDED ENTRY ELEMENTS (KOHA)
Koha item type წიგნი
ეგზემპლარები
Withdrawn status Lost status Damaged status Not for loan Date acquired Barcode Date last seen Price effective from Koha item type
        2018-12-17 15745 2018-12-17 2018-12-17 წიგნი